000
00277nam a22001217a 4500
008
180921b xxu||||| |||| 00| 0 eng d
041
_a
eng
080
_2
7th
_a
338
100
_a
53
101
_a
MEN
245
_a
Management information systems
_c
O'brien,J.A
942
_2
udc
_c
BK
999
_c
48161
_d
48161